000 00263nam a2200085Ia 4500
245 0 _aTrue empowerment in the workplace
100 _a Thirion-Fourie, Ansie Bellville,South Africa, [c.2012]
_981334
942 _cBK
008 210817s9999 xx 000 0 und d
999 _c319048
_d319047